000 00636nam a2200169 4500
001 132411
003 ES-MaACL
007 t|
008 070214q1946 sp r ||||1| spa d
100 1 _aRomero de Castilla, Manuel.
_999368
245 1 0 _aSingular suceso en el reinado de los Reyes Católicos /
_cManuel Romero de Castilla ; prólogo del Excmo. Sr. Marqués de Lozoya.
260 _aMadrid :
_bRubí,
_c[1946?]
300 _a214 p., 12 lám. :
_bil. ;
_c22 cm.
700 1 _aLozoya, Juan de Contreras y López de Ayala,
_cMarqués de,
_d1893-1978
_9129112
852 _aES-MaACL
_jE-1778
_bR.22506
999 _c132411
_d132411